000 00203 a2200097 4500
001 951
100 _aAmos, A.W
245 _aRadio receivers & transmitters
260 _a
_bChapman
_c
090 _c541
_d541
942 _aNUST-CAE
_cM
_c31834
999 _c236024
_d236024